Statistiques concernant Friends

Cliquez ici pour prendre le quiz!

Statistiques générales

  • Ce quiz a été pris 551 fois
  • Le résultat moyen est 8 sur 15

Statistiques - réponses

QuestionsRéponses% Correct
Quelle est la phrase que répète toujours Janice?Oh mon dieu
93%
Combien de catégories de serviettes Monica possède-t-elle?11
83%
Que "gagne" Joey en participant à des enchères silencieuses?un voilier
79%
Phoebe quitte Gary car il a tué un animal. Lequel?un pigeon
74%
Comment s'appelle la première femme de Ross?Carole
71%
Quel est le deuxième prénom de Chandler?Muriel
65%
Quel est le deuxième prénom de Rachel?Karen
61%
Dans quel série Joey joue-t-il aux côtés d'un robot?mac et cheese
50%
Quelle soeur de Joey Chandler a-t-il embrassée?marie angela
49%
Comment s'appelle le fauteuil de Joey?Rosita
48%
Comment s'appelle l'ami imaginaire de Joey?Maurice
42%
Quel est le nom complet de Joey (Prénom n°1 + prénom°2 + nom)?Joseph Francis Tribbiani
35%
Quel est le métier de Chandler selon Rachel?Développateur
34%
Comment Joey voudrait-il appeler son fils?Le Hulk
31%
Comment s'appelle la télé de Chandler et Joey?Steevy
29%

Distribution des résultats

Percentile par nombre de réponses

% des personnes avec chaque résultat

Votre développement - résultats

Vous n’avez pas pris ce quiz